El proyecto educativo en los institutos de educación secundaria

I tiakina i:
Ngā taipitopito rārangi puna kōrero
Kaituhi matua: Barberá Albalat, Vicente (Author)
Hōputu: Pukapuka
Reo:Pāniora
I whakaputaina: Madrid Escuela Española 1998
Rangatū:Colección Educación al Día
Ngā marau:
Ngā Tūtohu: Tāpirihia he Tūtohu
Kāore He Tūtohu, Me noho koe te mea tuatahi ki te tūtohu i tēnei pūkete!

MARC

LEADER 00000nam a2200000 a 4500
001 UCP2419
003 CL-VaPUC
008 990514e19980000SP |||||||||||||||||spa|d
082 0 4 |a 373  |b BAR  |2 21 
100 |a Barberá Albalat, Vicente  |e author  |9 429154 
245 1 3 |a El proyecto educativo en los institutos de educación secundaria 
300 |a 100 p 
942 |c BK 
945 |d 19990514 00:00:00  |a rbrito 
260 |a Madrid  |b Escuela Española  |c 1998 
650 0 |a Política educacional  |9 308011 
650 0 |a Valores sociales  |9 309627 
583 |a last modification  |c 19990514 00:00:00  |k Rodrigo Vera 
490 0 |a Colección Educación al Día 
999 |c 280948  |d 280946 
952 |0 0  |1 0  |4 0  |6 373_000000000000000_BAR_1998  |7 0  |8 A  |9 321500  |a BIBEDU  |b BIBEDU  |d 2019-11-20  |i 3521613  |o 373 BAR 1998  |p 3521613  |r 2019-11-20  |w 2019-11-20  |y BK  |k EPE 
952 |0 0  |1 0  |4 0  |6 373_000000000000000_BAR_1998  |7 0  |8 A  |9 321501  |a BIBEDU  |b BIBEDU  |d 2019-11-20  |i 3543315  |o 373 BAR 1998  |p 3543315  |r 2019-11-20  |w 2019-11-20  |y BK  |k EDU 
952 |0 0  |1 0  |4 0  |6 373_000000000000000_BAR_1998  |7 0  |8 A  |9 321502  |a BIBEDU  |b BIBEDU  |d 2019-11-20  |i 3775712  |o 373 BAR 1998  |p 3775712  |r 2019-11-20  |w 2019-11-20  |y BK  |k EDU